[Event "July Tournament"]
[Site "SchemingMind.com"]
[Date "2008.07.07"]
[Round "-"]
[White "CowboyNoel"]
[Black "lame wolf"]
[Result "0-1"]
[WhiteCountry "USA"]
[BlackCountry "INT"]
[WhiteElo "1233"]
[WhiteRD "73"]
[BlackElo "1062"]
[BlackRD "47"]
[GameID "162476"]

1. e4 d5 2. e5 e6 3. d4 c5 4. b3 cxd4 5. Bb2 Bc5 6. Nf3 Nc6 7. Nxd4 Bxd4 8. Bxd4 Nge7 9. Bb5 Bd7 10. Nd2 Nxd4
11. Ba4 Bxa4 12. bxa4 Qc7 13. O-O Ng6 14. Nf3 Nxc2 15. Qd2 O-O 16. Rac1 Qb6 17. Rxc2 Rfc8 18. Nd4 Rxc2 19. Nxc2 Qb2 20. f4 Qxa2
21. Ra1 Qb3 22. Ra3 Qb1+ 23. Kf2 Nxf4 24. Kf3 Ng6 25. Qc3 Qf1+ 26. Ke3 Qxg2 27. Qc7 Qe4+ 28. Kd2 Qg2+ 29. Kc1 Qxh2 30. Qxb7 Rf8
31. Qxa7 Qxe5 32. a5 Rb8 33. Qc5 Qb2+ 34. Kd2 f5 35. Qd6 Qe5 36. Qd7 Nf4 37. Re3 Qf6 38. Nd4 Qxd4+
0-1

[Event "July Tournament"]
[Site "SchemingMind.com"]
[Date "2008.07.10"]
[Round "-"]
[White "CowboyNoel"]
[Black "Shanks"]
[Result "0-1"]
[WhiteCountry "USA"]
[BlackCountry "ENG"]
[WhiteElo "1283"]
[WhiteRD "76"]
[BlackElo "1409"]
[BlackRD "66"]
[GameID "162477"]

1. e4 c6 2. d4 d5 3. e5 e6 4. Nf3 Ne7 5. Bg5 h6 6. Bf4 Ng6 7. g3 Nxf4 8. gxf4 Nd7 9. Nc3 Be7 10. Qd3 a6
11. f5 exf5 12. Qxf5 Nf8 13. Qf4 Be6 14. Bd3 Qd7 15. h4 O-O-O 16. Qxf7 Bxf7 17. O-O-O Be6 18. h5 Bg4 19. Be2 Bxf3 20. Bxf3 Bg5+
21. Kb1 Kb8 22. Rhg1 Qf7 23. Rg3 g6 24. Rh1 gxh5 25. Na4 h4 26. Rgh3 Ne6 27. Bg4 Nxd4 28. Nc5 Qxf2 29. Nd7+ Rxd7 30. Bxd7 Qxc2+
0-1

[Event "July Tournament"]
[Site "SchemingMind.com"]
[Date "2008.07.09"]
[Round "-"]
[White "lame wolf"]
[Black "CowboyNoel"]
[Result "0-1"]
[WhiteCountry "INT"]
[BlackCountry "USA"]
[WhiteElo "1062"]
[WhiteRD "47"]
[BlackElo "1233"]
[BlackRD "73"]
[GameID "162478"]

1. Nf3 e6 2. e4 Nc6 3. d4 b6 4. e5 d6 5. Be3 Bb7 6. Bb5 d5 7. c4 dxc4 8. Bxc4 Nge7 9. Bb5 Nf5 10. Nc3 a6
11. Bxc6+ Bxc6 12. O-O g5 13. Bxg5 Be7 14. Bxe7 Qxe7 15. Qd3 Qb4 16. b3 Bxf3 17. Qxf3 Nxd4 18. Ne4 O-O-O 19. Qe3 Nc2 20. Qd2 Qxd2
21. Nxd2 Nxa1 22. Rxa1 Rxd2 23. g3 Rf8 24. Kg2 f5 25. a4 Rb2 26. a5 b5 27. Kf3 Rxb3+ 28. Kf4 h6 29. h4 Rg8 30. f3 b4
31. g4 Ra3
0-1

[Event "July Tournament"]
[Site "SchemingMind.com"]
[Date "2008.07.09"]
[Round "-"]
[White "Shanks"]
[Black "CowboyNoel"]
[Result "0-1"]
[WhiteCountry "ENG"]
[BlackCountry "USA"]
[WhiteElo "1409"]
[WhiteRD "66"]
[BlackElo "1283"]
[BlackRD "76"]
[GameID "162479"]

1. d4 Nc6 2. e3 e5 3. d5 Nb4 4. e4 Bc5 5. c3 d6 6. Nd2 Nf6 7. cxb4 Bd4 8. a3 Bg4 9. Qc2 h6 10. h3 Bh5
11. Bb5+ Nd7 12. g4 Bg6 13. Ngf3 h5 14. Nxd4 exd4 15. gxh5 Rxh5 16. Be2 Re5 17. Nf3 Bxe4 18. Qc4 Qe7 19. Nxe5 Nxe5 20. Qxd4 Bxh1
21. Be3 b6 22. O-O-O Bf3 23. Bxf3 Nxf3 24. Qxg7 O-O-O 25. Qg4+ Kb7 26. Qxf3 f5 27. Qxf5 Rf8 28. Qc2 a6 29. Qc6+ Kc8
0-1

[Event "July Tournament"]
[Site "SchemingMind.com"]
[Date "2008.07.14"]
[Round "-"]
[White "Brerrabbit"]
[Black "lame wolf"]
[Result "1-0"]
[WhiteCountry "SCO"]
[BlackCountry "INT"]
[WhiteElo "1457"]
[WhiteRD "67"]
[BlackElo "1074"]
[BlackRD "50"]
[GameID "163461"]

1. e4 d5 2. exd5 Qxd5 3. Nc3 Qd8 4. Nf3 e6 5. d4 Bb4 6. Bd2 Nc6 7. Be3 Nge7 8. Bc4 a6 9. O-O b5 10. Bd3 Qd6
11. Qd2 e5 12. Qe2 Bg4 13. Ne4 Qd7 14. a3 Ba5 15. b4 Bb6 16. c4 Nxd4 17. Bxd4 Bxd4 18. Nc5 Bxc5 19. bxc5 Bxf3 20. Qxf3 O-O
21. Be4 Rad8 22. Rad1 Qe6 23. g4 Qxc4 24. c6 Rxd1 25. Rxd1 Nxc6 26. Bxc6 f6 27. Bd5+
1-0

[Event "July Tournament"]
[Site "SchemingMind.com"]
[Date "2008.07.15"]
[Round "-"]
[White "Brerrabbit"]
[Black "CowboyNoel"]
[Result "1-0"]
[WhiteCountry "SCO"]
[BlackCountry "USA"]
[WhiteElo "1420"]
[WhiteRD "70"]
[BlackElo "1233"]
[BlackRD "73"]
[GameID "163462"]

1. e4 e5 2. Nf3 Nc6 3. Nc3 Bc5 4. Bc4 Nf6 5. Ng5 d5 6. exd5 Nb4 7. d6 Be6 8. Nxe6 fxe6 9. Bxe6 Qxd6 10. Bg4 Qd5
11. Nxd5 Nxg4 12. Qxg4 O-O 13. Nxb4 Bxb4 14. Qxb4
1-0

[Event "July Tournament"]
[Site "SchemingMind.com"]
[Date "2008.07.18"]
[Round "-"]
[White "Brerrabbit"]
[Black "Shanks"]
[Result "1-0"]
[WhiteCountry "SCO"]
[BlackCountry "ENG"]
[WhiteElo "1395"]
[WhiteRD "64"]
[BlackElo "1407"]
[BlackRD "67"]
[GameID "163463"]

1. e4 c6 2. Nf3 d5 3. e5 e6 4. d3 h6 5. Nc3 Ne7 6. d4 Nd7 7. Bf4 g5 8. Bg3 Nf5 9. Bd3 Nxg3 10. hxg3 g4
11. Nh2 h5 12. f3 gxf3 13. gxf3 Bg7 14. Qd2 Nb6 15. O-O-O Bd7 16. g4 hxg4 17. Nxg4 Rxh1 18. Rxh1 Nc4 19. Bxc4 dxc4 20. Rh7 Rc8
21. Rxg7 Qh4 22. b3 Qh1+ 23. Kb2 cxb3 24. Rg8+
1-0

[Event "July Tournament"]
[Site "SchemingMind.com"]
[Date "2008.07.14"]
[Round "-"]
[White "lame wolf"]
[Black "Brerrabbit"]
[Result "1-0"]
[WhiteCountry "INT"]
[BlackCountry "SCO"]
[WhiteElo "1074"]
[WhiteRD "50"]
[BlackElo "1457"]
[BlackRD "67"]
[GameID "163464"]

1. b4 e5 2. a3 d5 3. d4 Nc6 4. Bb2 e4 5. e3 Nf6 6. Be2 Bd6 7. c4 Be6 8. c5 Be7 9. b5 Na5 10. a4 Nc4
11. Bxc4 dxc4 12. Ne2 b6 13. Nf4 O-O 14. c6 Bg4 15. Qc2 Bd6 16. Ba3 Bxa3 17. Nxa3 Nd5 18. Nxd5 Qxd5 19. Qxc4 Rad8 20. Qxd5 Rxd5
21. O-O Be2 22. Rfe1 Bh5 23. Nc4 f5 24. Rab1 g5 25. a5 Re8 26. axb6 axb6 27. Ra1 Rxb5 28. Ra7 Re7 29. h3 Rb4 30. Ne5 Rg7
31. g4 fxg4 32. hxg4 Bf7 33. Rxc7 Be6 34. Rxg7+ Kxg7 35. Kg2 b5 36. Rd1 Bd5 37. c7 Rc4 38. Nxc4 bxc4 39. c8=Q
1-0

[Event "July Tournament"]
[Site "SchemingMind.com"]
[Date "2008.07.15"]
[Round "-"]
[White "CowboyNoel"]
[Black "Brerrabbit"]
[Result "1-0"]
[WhiteCountry "USA"]
[BlackCountry "SCO"]
[WhiteElo "1233"]
[WhiteRD "73"]
[BlackElo "1420"]
[BlackRD "70"]
[GameID "163465"]

1. e4 e5 2. Nf3 Nc6 3. Bc4 Nf6 4. Ng5 Ke7 5. Nxf7 Qe8 6. Nxh8 Na5 7. Bf7 Qd8 8. Bg8 Nxg8 9. d4 Ke8 10. Qh5+ g6
11. Qf3 Nf6 12. Bg5 Bg7 13. dxe5 Nc6 14. exf6 Bxf6 15. Bxf6 Ne7 16. Bg7 d6 17. Nc3 c5 18. O-O-O Kd7 19. Qf6 Kc6 20. Nf7
1-0

[Event "July Tournament"]
[Site "SchemingMind.com"]
[Date "2008.07.19"]
[Round "-"]
[White "Shanks"]
[Black "Brerrabbit"]
[Result "1-0"]
[WhiteCountry "ENG"]
[BlackCountry "SCO"]
[WhiteElo "1407"]
[WhiteRD "67"]
[BlackElo "1395"]
[BlackRD "64"]
[GameID "163466"]

1. Nf3 d5 2. d4 Nc6 3. a3 Nf6 4. h3 Bf5 5. e3 e6 6. Nbd2 Bd6 7. c4 O-O 8. c5 Be7 9. b4 b6 10. cxb6 axb6
11. b5 Na5 12. a4 Bb4 13. Ke2 Rc8 14. g4 Bg6 15. Ne5 Nd7 16. Nxg6 hxg6 17. Kf3 e5 18. Kg2 e4 19. Nb3 f5 20. Nxa5 bxa5
21. Bb2 f4 22. exf4 Rxf4 23. Bc1 Rf8 24. Be3 Qf6 25. Ra2 c5 26. bxc6 Rxc6 27. Bb5 Rc3 28. Bxd7 Rxe3 29. fxe3
1-0

[Event "July Tournament"]
[Site "SchemingMind.com"]
[Date "2008.07.17"]
[Round "-"]
[White "rbbowen"]
[Black "lame wolf"]
[Result "1-0"]
[WhiteCountry "USA"]
[BlackCountry "INT"]
[WhiteElo "1615"]
[WhiteRD "139"]
[BlackElo "1062"]
[BlackRD "47"]
[GameID "163862"]

1. e4 d5 2. Nc3 d4 3. Nce2 e5 4. d3 Nc6 5. Nf3 Bd6 6. b3 Be6 7. Bb2 Qe7 8. c3 dxc3 9. Bxc3 Bb4 10. Qd2 Nf6
11. Nxe5 Nxe5 12. Bxb4 Qd7 13. Nf4 b6 14. Be2 c5 15. Bc3 Nc6 16. O-O O-O 17. Bxf6 g6 18. Nh5 Rfc8 19. Qh6
1-0

[Event "July Tournament"]
[Site "SchemingMind.com"]
[Date "2008.07.21"]
[Round "-"]
[White "rbbowen"]
[Black "Brerrabbit"]
[Result "1-0"]
[WhiteCountry "USA"]
[BlackCountry "SCO"]
[WhiteElo "1615"]
[WhiteRD "139"]
[BlackElo "1420"]
[BlackRD "70"]
[GameID "163863"]

1. e4 e5 2. Nf3 Nc6 3. Bb5 Bc5 4. O-O Nf6 5. c3 O-O 6. d4 Bb6 7. Bg5 Ne7 8. Bxf6 gxf6 9. dxe5 f5 10. Ng5 a6
11. Qh5
1-0

[Event "July Tournament"]
[Site "SchemingMind.com"]
[Date "2008.07.22"]
[Round "-"]
[White "rbbowen"]
[Black "CowboyNoel"]
[Result "1-0"]
[WhiteCountry "USA"]
[BlackCountry "USA"]
[WhiteElo "1658"]
[WhiteRD "116"]
[BlackElo "1263"]
[BlackRD "74"]
[GameID "163864"]

1. e4 e5 2. Nf3 Nc6 3. Bb5 b6 4. O-O Nf6 5. Nc3 Bb7 6. d3 Bc5 7. Bxc6 Bxc6 8. Nxe5 Qe7 9. Nxc6 dxc6 10. Bg5 Bb4
11. e5 Qxe5 12. Re1 Qxe1+ 13. Qxe1+ Be7 14. Qe5 Rd8 15. Re1 O-O 16. Qxc7 Rfe8 17. Bxf6 gxf6 18. Rxe7 Kf8 19. Rxf7+ Kg8 20. Rg7+ Kf8
21. Qf7#
1-0

[Event "July Tournament"]
[Site "SchemingMind.com"]
[Date "2008.07.22"]
[Round "-"]
[White "rbbowen"]
[Black "Shanks"]
[Result "1/2-1/2"]
[WhiteCountry "USA"]
[BlackCountry "ENG"]
[WhiteElo "1669"]
[WhiteRD "109"]
[BlackElo "1409"]
[BlackRD "66"]
[GameID "163865"]

1. e4 c5 2. Nf3 d6 3. d4 cxd4 4. Nxd4 a6 5. Nc3 h6 6. Bd3 e5 7. Nf3 Nf6 8. O-O Be7 9. Bc4 O-O 10. b3 Nbd7
11. Bb2 Nb6 12. Nd5 Nfxd5 13. Bxd5 Nxd5 14. Qxd5 Qc7 15. c4 Be6 16. Qd2 Rad8 17. Rad1 Bg4 18. Qd3 Bh5 19. Rd2 Bg6 20. Ne1 Bh7
21. Nc2 a5 22. Na3 b6 23. Nb5 Qb8 24. Ba3 f5 25. Nxd6 Bxd6 26. Bxd6 Rxd6 27. Qxd6 Qe8 28. exf5 Bxf5 29. Qxb6 e4 30. Rd5 Bh7
31. Rfd1 e3 32. Qxe3 Qxe3 33. fxe3 Be4 34. Rd8 Rxd8 35. Rxd8+ Kh7 36. Ra8 Bxa8=
1/2-1/2

[Event "July Tournament"]
[Site "SchemingMind.com"]
[Date "2008.07.17"]
[Round "-"]
[White "lame wolf"]
[Black "rbbowen"]
[Result "0-1"]
[WhiteCountry "INT"]
[BlackCountry "USA"]
[WhiteElo "1062"]
[WhiteRD "47"]
[BlackElo "1615"]
[BlackRD "139"]
[GameID "163866"]

1. c4 e5 2. d4 exd4 3. Qxd4 Nc6 4. Qd1 Nf6 5. e3 Bb4+ 6. Bd2 O-O 7. a3 Bxd2+ 8. Nxd2 d6 9. Qc2 Be6 10. Ngf3 h6
11. b3 Re8 12. c5 dxc5 13. Qxc5 Bg4 14. Be2 Bxf3 15. Nxf3 Qd5 16. Qxd5 Nxd5 17. O-O Rad8 18. b4 Rd6 19. b5 Nc3 20. Bc4 Ne5
21. Rfc1 Nxf3+ 22. gxf3 Nd5 23. Bxd5 Rxd5 24. a4 Re7 25. Kg2 a6 26. bxa6 bxa6 27. e4 Rg5+ 28. Kf1 c5 29. Ke2 Rc7 30. h3 c4
31. f4 Rgc5 32. Ke3 c3 33. Kd4 c2 34. Ra3 Kf8 35. Kd3 Rd7+ 36. Ke3 Rd1
0-1

[Event "July Tournament"]
[Site "SchemingMind.com"]
[Date "2008.07.21"]
[Round "-"]
[White "Brerrabbit"]
[Black "rbbowen"]
[Result "0-1"]
[WhiteCountry "SCO"]
[BlackCountry "USA"]
[WhiteElo "1395"]
[WhiteRD "64"]
[BlackElo "1658"]
[BlackRD "116"]
[GameID "163867"]

1. e4 c5 2. d4 e6 3. c3 d5 4. e5 Nc6 5. Nf3 Qb6 6. c4 cxd4 7. Bd3 Nge7 8. Qc2 dxc4 9. Qxc4 Nxe5 10. Nxe5 Qa5+
11. Bd2 Qxe5+ 12. Be2 Nc6 13. O-O Be7 14. Na3 a6 15. f4 Qc5 16. Qxc5 Bxc5 17. Kh1 O-O 18. Nc4 Re8 19. Rab1 e5 20. f5 f6
21. Rbc1 Bb4 22. Bxb4 Nxb4 23. Nd6 Rd8 24. Bc4+ Kf8 25. Ne4 Bd7 26. Nd6 Bb5 27. Bxb5 Rxd6 28. Bc4 Rc8 29. b3 d3 30. Be6 Rxc1
31. Rxc1 d2 32. Rd1 Nxa2
0-1

[Event "July Tournament"]
[Site "SchemingMind.com"]
[Date "2008.07.21"]
[Round "-"]
[White "CowboyNoel"]
[Black "rbbowen"]
[Result "0-1"]
[WhiteCountry "USA"]
[BlackCountry "USA"]
[WhiteElo "1263"]
[WhiteRD "74"]
[BlackElo "1658"]
[BlackRD "116"]
[GameID "163868"]

1. e4 c5 2. Nc3 Nc6 3. Bb5 e5 4. Nf3 d6 5. Nd5 Nf6 6. d3 Nxd5 7. exd5 a6 8. Ba4 b5 9. Bb3 Na5 10. c4 Bg4
11. cxb5 axb5 12. Bg5 f6 13. Bh4 Bxf3 14. Qxf3 Nxb3 15. Rd1 Qa5+ 16. Kf1 Nd2+ 17. Ke2 Nxf3 18. Kxf3 Be7 19. g4 Kf7 20. Rhe1 Qxa2
21. Kg2 Qxb2 22. Kg3 Ra2 23. g5 Qxf2+
0-1

[Event "July Tournament"]
[Site "SchemingMind.com"]
[Date "2008.07.22"]
[Round "-"]
[White "Shanks"]
[Black "rbbowen"]
[Result "0-1"]
[WhiteCountry "ENG"]
[BlackCountry "USA"]
[WhiteElo "1412"]
[WhiteRD "74"]
[BlackElo "1684"]
[BlackRD "105"]
[GameID "163869"]

1. d4 Nf6 2. e3 d5 3. c3 e6 4. Nf3 c5 5. b3 Be7 6. Bb2 O-O 7. Be2 Nc6 8. O-O Qb6 9. Qc2 Ne4 10. Nbd2 Nxd2
11. Qxd2 Bd7 12. Ne5 Nxe5 13. dxe5 Bb5 14. c4 dxc4 15. bxc4 Rad8 16. Qc2 Bc6 17. a4 a5 18. Rab1 Qc7 19. Bc3 b6 20. f4 Qb7
21. Bf3 Bxf3 22. Rxf3 Qa6 23. Qb3 Rd3 24. e4 Rfd8 25. Rxd3 Rxd3 26. h3 Bd8 27. Rd1 Rxd1+ 28. Qxd1 Qc8 29. Qf3 Qd7 30. f5 Qxa4
31. fxe6 fxe6 32. Kh2 Qxc4 33. Be1 a4 34. Bg3 Qb3 35. Qf4 a3 36. Bh4 Qd3 37. Bxd8 Qxd8 38. Qf1 Qd2 39. Qa6 Qf4+ 40. Kh1 Qc1+
41. Kh2= h6 42. Qxb6 Qf4+ 43. Kh1 Qxe5 44. Qd8+ Kh7 45. Qa8 Qa1+ 46. Kh2 a2 47. Qa6 Qe5+ 48. Kg1 a1=Q+ 49. Qxa1 Qxa1+ 50. Kf2 c4
51. g4 c3 52. Kf3 c2 53. Kg3 c1=Q
0-1

[Event "July Tournament"]
[Site "SchemingMind.com"]
[Date "2008.07.20"]
[Round "-"]
[White "Jason Pomerantz"]
[Black "lame wolf"]
[Result "1-0"]
[WhiteCountry "USA"]
[BlackCountry "INT"]
[WhiteElo "1521"]
[WhiteRD "130"]
[BlackElo "1074"]
[BlackRD "50"]
[GameID "164302"]

1. e4 d5 2. Nc3 d4 3. Nd5 e6 4. Nf4 e5 5. Nd3 Bd6 6. Nf3 Bg4 7. Ndxe5 Bxf3 8. Nxf3 c5 9. Bc4 Be5 10. Nxe5 Nh6
11. Qf3 f6 12. Ng4 Nxg4 13. Qxg4 g5 14. Qe6+ Qe7 15. Qxe7+ Kxe7 16. O-O Re8 17. Bb5 Nc6 18. f4 Rac8 19. d3 g4 20. f5 h5
21. Bf4 Rg8 22. Bc4 Nd8 23. Bxg8 b5 24. e5 fxe5 25. Bxe5 Nc6 26. f6+ Kd7 27. Bg3 Rxg8 28. f7 Rf8 29. Rae1
1-0

[Event "July Tournament"]
[Site "SchemingMind.com"]
[Date "2008.07.21"]
[Round "-"]
[White "Jason Pomerantz"]
[Black "Brerrabbit"]
[Result "0-1"]
[WhiteCountry "USA"]
[BlackCountry "SCO"]
[WhiteElo "1251"]
[WhiteRD "98"]
[BlackElo "1410"]
[BlackRD "67"]
[GameID "164303"]

1. e4 e5 2. Nf3 Nc6 3. Nc3 Nf6 4. Bc4 Bc5 5. h3 Nd4 6. Nxe5 d5 7. Nxd5 Nxd5 8. Bxd5 Be6 9. Bxb7 Rb8 10. Bc6+ Nxc6
11. Nxc6 Qh4 12. d4 Qxe4+ 13. Qe2 Qxc6 14. dxc5 Qxc5 15. Be3 Qe5 16. c3 O-O 17. Bxa7 Qxe2+ 18. Kxe2 Bc4+ 19. Kf3 Rxb2 20. a3 Bd5+
21. Kg3 f5 22. Rad1 f4+ 23. Kg4 Be6+ 24. Kf3 g5 25. Bc5 Rf5 26. Rd8+ Kg7 27. Bd4+ Kf7 28. Ke4 Re2+ 29. Kf3 Bc4 30. Rd7+ Kg6
31. Rxc7 Bd3 32. Rd1 Ba6
0-1

[Event "July Tournament"]
[Site "SchemingMind.com"]
[Date "2008.07.23"]
[Round "-"]
[White "Jason Pomerantz"]
[Black "CowboyNoel"]
[Result "0-1"]
[WhiteCountry "USA"]
[BlackCountry "USA"]
[WhiteElo "1251"]
[WhiteRD "98"]
[BlackElo "1283"]
[BlackRD "76"]
[GameID "164304"]

1. e4 e5 2. Nf3 Nc6 3. Bc4 Nf6 4. d3 Bc5 5. Bg5 d6 6. O-O Bg4 7. Nbd2 h6 8. Bxf6 Qxf6 9. a3 O-O-O 10. c3 g5
11. Bd5 a6 12. b4 Bb6 13. Qb3 h5 14. Bxf7 h4 15. h3 d5 16. Bxd5 Ne7 17. hxg4 h3 18. gxh3 Rxh3 19. Kg2 Rdh8 20. Bf7 Qf4
21. Qe6+ Kb8 22. Qxe7 Rh2+ 23. Nxh2 Rxh2+ 24. Kg1 Bxf2+ 25. Rxf2 Qxf2#
0-1

[Event "July Tournament"]
[Site "SchemingMind.com"]
[Date "2008.07.23"]
[Round "-"]
[White "Jason Pomerantz"]
[Black "Shanks"]
[Result "0-1"]
[WhiteCountry "USA"]
[BlackCountry "ENG"]
[WhiteElo "1251"]
[WhiteRD "98"]
[BlackElo "1409"]
[BlackRD "66"]
[GameID "164305"]

1. e4 d6 2. d4 g6 3. Nc3 Bg7 4. Nf3 a6 5. Bc4 Nd7 6. Bf4 Rb8 7. a4 Nb6 8. Bb3 Ra8 9. a5 Nd7 10. Qd3 h5
11. Ng5 Nh6 12. O-O-O Nf8 13. Qc4 e6 14. d5 e5 15. Be3 Nd7 16. Ba4 O-O 17. f3 Nf6
0-1

[Event "July Tournament"]
[Site "SchemingMind.com"]
[Date "2008.07.21"]
[Round "-"]
[White "Jason Pomerantz"]
[Black "rbbowen"]
[Result "0-1"]
[WhiteCountry "USA"]
[BlackCountry "USA"]
[WhiteElo "1251"]
[WhiteRD "98"]
[BlackElo "1669"]
[BlackRD "109"]
[GameID "164306"]

1. e4 c5 2. Nc3 Nc6 3. Bc4 e6 4. d3 Nf6 5. Be3 d5 6. Bb5 d4 7. Bxc6+ bxc6 8. e5 Nd7 9. Qf3 dxc3 10. bxc3 Nxe5
11. Qe4 Qd5 12. Qa4 Qxg2 13. Qe4 Qxe4 14. dxe4 Nc4 15. Rb1 Nxe3
0-1

[Event "July Tournament"]
[Site "SchemingMind.com"]
[Date "2008.07.20"]
[Round "-"]
[White "lame wolf"]
[Black "Jason Pomerantz"]
[Result "0-1"]
[WhiteCountry "INT"]
[BlackCountry "USA"]
[WhiteElo "1074"]
[WhiteRD "50"]
[BlackElo "1521"]
[BlackRD "130"]
[GameID "164307"]

1. b4 e5 2. a3 d5 3. d4 f6 4. e3 Nc6 5. b5 Nce7 6. a4 Bf5 7. c4 Ng6 8. Ba3 Bxa3 9. Rxa3 Bxb1 10. Qxb1 Qd6
11. c5 Qe6 12. b6 c6 13. a5 exd4 14. Be2 dxe3 15. Rxe3 Ne5 16. Nf3 O-O-O 17. O-O Ne7 18. bxa7 Kc7 19. Qb6+ Kd7 20. Qxb7+ Ke8
21. Nxe5 fxe5 22. Ba6 Kf7 23. Qb6 Ra8 24. Bb7 Nc8 25. Qc7+ Qe7 26. Qxe7+ Nxe7 27. Bxa8 Rxa8 28. Rxe5 Rxa7 29. Rfe1 Ng6 30. Re6 Rxa5
31. Rxc6 d4 32. Rd1 d3 33. Rxd3 Ra1+
0-1

[Event "July Tournament"]
[Site "SchemingMind.com"]
[Date "2008.07.22"]
[Round "-"]
[White "Brerrabbit"]
[Black "Jason Pomerantz"]
[Result "1-0"]
[WhiteCountry "SCO"]
[BlackCountry "USA"]
[WhiteElo "1420"]
[WhiteRD "70"]
[BlackElo "1353"]
[BlackRD "113"]
[GameID "164308"]

1. e4 e5 2. Nf3 Nc6 3. Nc3 Bc5 4. Bc4 f6 5. Bxg8 Rxg8 6. d3 d6 7. d4 Nxd4 8. Nxd4 Bxd4 9. Nd5 c6 10. Nb4 g6
11. c3 Bc5 12. O-O Bxb4 13. cxb4 Be6 14. Bh6 Qc7 15. Rc1 a6 16. Qd3 Bxa2 17. f4 O-O-O 18. fxe5 dxe5 19. Qa3 Qb6+ 20. Kh1 Bc4
21. Rxc4 Rd2 22. Bxd2
1-0

[Event "July Tournament"]
[Site "SchemingMind.com"]
[Date "2008.07.23"]
[Round "-"]
[White "CowboyNoel"]
[Black "Jason Pomerantz"]
[Result "1-0"]
[WhiteCountry "USA"]
[BlackCountry "USA"]
[WhiteElo "1233"]
[WhiteRD "73"]
[BlackElo "1353"]
[BlackRD "113"]
[GameID "164309"]

1. e4 e5 2. Nf3 f6 3. d4 Nc6 4. Be3 Nxd4 5. Bc4 Ne6 6. Nc3 Bc5 7. Bxc5 Nxc5 8. Nb5 Nxe4 9. Qd5 Nd6 10. Nxd6+ cxd6
11. Qf7#
1-0

[Event "July Tournament"]
[Site "SchemingMind.com"]
[Date "2008.07.24"]
[Round "-"]
[White "Shanks"]
[Black "Jason Pomerantz"]
[Result "1-0"]
[WhiteCountry "ENG"]
[BlackCountry "USA"]
[WhiteElo "1409"]
[WhiteRD "66"]
[BlackElo "1251"]
[BlackRD "98"]
[GameID "164310"]

1. d4 d5 2. a3 Bf5 3. Nd2 Nc6 4. c3 Nf6 5. h3 e6 6. e3 Bd6 7. Ngf3 h6 8. Be2 O-O 9. O-O Ne4 10. Nxe4 Bxe4
11. Nd2 Qh4 12. Nxe4 dxe4 13. f3 Qg3 14. f4 f5 15. d5 Ne7 16. dxe6 Rf6 17. Qe1 Qxe1 18. Rxe1 Rxe6 19. Bc4 Kf7 20. Bxe6+ Kxe6
21. b4 Nd5 22. Bb2 g5 23. fxg5
1-0

[Event "July Tournament"]
[Site "SchemingMind.com"]
[Date "2008.07.22"]
[Round "-"]
[White "rbbowen"]
[Black "Jason Pomerantz"]
[Result "1-0"]
[WhiteCountry "USA"]
[BlackCountry "USA"]
[WhiteElo "1669"]
[WhiteRD "109"]
[BlackElo "1251"]
[BlackRD "98"]
[GameID "164311"]

1. e4 e5 2. Nf3 Nf6 3. Nc3 Nc6 4. Bb5 h6 5. d4 exd4 6. Nxd4 Qe7 7. f3 a6 8. Bxc6 bxc6 9. Be3 c5 10. Nde2 Bb7
11. Qd2 O-O-O 12. O-O-O Qe6 13. Nf4 Qc4 14. Kb1
1-0

[Event "July Tournament"]
[Site "SchemingMind.com"]
[Date "2008.07.21"]
[Round "-"]
[White "TheTrainer"]
[Black "lame wolf"]
[Result "1-0"]
[WhiteCountry "USA"]
[BlackCountry "INT"]
[WhiteElo "1285"]
[WhiteRD "115"]
[BlackElo "1074"]
[BlackRD "50"]
[GameID "164326"]

1. e4 g5 2. Qh5 e5 3. Bc4 Nh6 4. d3 Qf6 5. Bxg5 Qg6 6. Qxg6 fxg6 7. Nf3 d6 8. Nc3 Bg4 9. Nd2 Bd7 10. O-O-O Nc6
11. f3 Be7 12. Bxe7 Nxe7 13. Nb3 Rf8 14. d4 exd4 15. Rxd4 Nf7 16. Nd5 Nxd5 17. Bxd5 c6 18. Bxf7+ Rxf7 19. Rxd6 Rg7 20. Nc5 b6
21. Ne6 Re7 22. Nc7+ Kd8 23. Nxa8 Ke8 24. Nc7+ Kd8 25. Na6 Re5 26. Rhd1
1-0

[Event "July Tournament"]
[Site "SchemingMind.com"]
[Date "2008.07.21"]
[Round "-"]
[White "TheTrainer"]
[Black "Brerrabbit"]
[Result "0-1"]
[WhiteCountry "USA"]
[BlackCountry "SCO"]
[WhiteElo "1305"]
[WhiteRD "96"]
[BlackElo "1395"]
[BlackRD "64"]
[GameID "164327"]

1. e3 e5 2. d4 e4 3. Nc3 d5 4. Nge2 Nc6 5. h3 Nf6 6. g4 Bb4 7. Bd2 Bxc3 8. Bxc3 Be6 9. Bg2 O-O 10. Nf4 Qd6
11. Nxe6 Qxe6 12. f3 exf3 13. Bxf3 Qxe3+ 14. Qe2 Rfe8 15. Rf1 Qxe2+ 16. Bxe2 Ne4 17. g5 Ng3 18. Rf3 Nxe2 19. Rd1 Nxc3+ 20. Kd2 Nxd1
21. Kxd1 Nxd4 22. Rf4 Re4 23. Rxe4 dxe4 24. c3 Nf3 25. Ke2 Re8 26. b4 Ng1+ 27. Kf2 e3+ 28. Kxg1 e2 29. Kg2 e1=Q 30. Kf3 h5
31. h4 Qe3+ 32. Kg2 Re4
0-1

[Event "July Tournament"]
[Site "SchemingMind.com"]
[Date "2008.07.21"]
[Round "-"]
[White "TheTrainer"]
[Black "Jason Pomerantz"]
[Result "0-1"]
[WhiteCountry "USA"]
[BlackCountry "USA"]
[WhiteElo "1329"]
[WhiteRD "107"]
[BlackElo "1353"]
[BlackRD "113"]
[GameID "164328"]

1. Nf3 d5 2. d4 Bf5 3. Bf4 e6 4. h3 Bd6 5. Qd2 Nc6 6. g4 Be4 7. Bxd6 Qxd6 8. Bg2 O-O-O 9. a3 h6 10. Nc3 a6
11. O-O Nf6 12. b4 b5 13. Nxe4 Nxe4 14. Qd3 Nf6 15. e3 g5 16. h4 Nxg4 17. a4 Qxb4 18. Rfb1 Qa5 19. Ne5 Ngxe5 20. dxe5 Nxe5
21. axb5 Qxa1 22. Rxa1 Nxd3 23. cxd3 axb5 24. e4 dxe4 25. dxe4 gxh4 26. Rb1 Rhg8 27. Rxb5 h3 28. f3 Rxg2+ 29. Kh1 Rd1#
0-1

[Event "July Tournament"]
[Site "SchemingMind.com"]
[Date "2008.07.23"]
[Round "-"]
[White "TheTrainer"]
[Black "CowboyNoel"]
[Result "0-1"]
[WhiteCountry "USA"]
[BlackCountry "USA"]
[WhiteElo "1305"]
[WhiteRD "96"]
[BlackElo "1263"]
[BlackRD "74"]
[GameID "164329"]

1. e4 e5 2. Qh5 Nc6 3. Bc4 g6 4. Qf3 Nf6 5. d3 Nd4 6. Qe3 Nxc2+ 7. Kd2 Nxe3 8. Kxe3 Bh6+ 9. Ke2 Bxc1 10. a4 d5
11. exd5 Nxd5 12. Nf3 Bxb2 13. Ra2 Nc3+ 14. Nxc3 Bxc3 15. Rc1 Ba5 16. Nxe5 Be6 17. Rb2 Qd4 18. Rb5 O-O 19. Rxa5 Rfd8 20. Bxe6 fxe6
21. Rxc7 Rd5 22. Nc4 Qxd3+
0-1

[Event "July Tournament"]
[Site "SchemingMind.com"]
[Date "2008.07.23"]
[Round "-"]
[White "TheTrainer"]
[Black "Shanks"]
[Result "0-1"]
[WhiteCountry "USA"]
[BlackCountry "ENG"]
[WhiteElo "1276"]
[WhiteRD "93"]
[BlackElo "1409"]
[BlackRD "66"]
[GameID "164330"]

1. e4 c6 2. g3 e5 3. Nc3 a6 4. Qf3 Nf6 5. d3 h6 6. b3 d6 7. Ba3 Bg4 8. Qe3 Bh5 9. h3 Bg6 10. g4 Nfd7
11. Nf3 Be7 12. d4 exd4 13. Qxd4 O-O 14. Bb2 c5 15. Qd5 Nc6 16. Nh4 Bh7 17. Nf5 Nf6 18. Nxe7+ Qxe7 19. Qc4 Ne5 20. Qe2 b5
21. a4 b4 22. Nd5 Qd8 23. Nxf6+ Qxf6 24. f3 Nxf3+ 25. Kd1 Qxb2 26. Rc1 Qd4+ 27. Qd3 Qxd3+ 28. Bxd3 a5 29. Rf1 Ne5 30. Bc4 Nxc4
31. bxc4 Bxe4 32. Kd2 Bc6 33. Ra1 Rad8 34. Rae1 Bxa4 35. h4 Bd7 36. g5 h5 37. Re7 g6 38. c3 bxc3+ 39. Kxc3 a4 40. Ra1 Rfe8
41. Rxe8+ Rxe8 42. Rxa4 Bxa4 43. Kb2 Bd7 44. Kc3 Re4 45. Kd3 Rxh4
0-1